00525nam a22001697a 450000500170000001000150001702000260003203500130005803700130007108200150008410000150009924500840011426000310019827000850022930000250031470000160033920140307110513.0 aENG-108994 a9789351430131c795.00 aEN-92527 bDBAD/PUB a338.520954 aVasan,M.S. aTransfer pricing audit practices in India /cby M. S. Vasan [and] Vijay Iyerb  aGurgaonbLexis Nexisc2014 a14th floor, Building No 10, Tower-B, DLF Cyber City, Phase-ll, bGurgaone122002 axxx,341p.c24cm(pbk) aIyer, Vijay